| 000 | 00437nam a22001697a 4500 | ||
|---|---|---|---|
| 999 |
_c525010 _d525010 |
||
| 003 | NUST | ||
| 020 | _c(Hbk) | ||
| 038 | _aM.Shaban | ||
| 082 |
_a891.421 _bKAR |
||
| 100 |
_aKarblai, Sarwar _915806 |
||
| 245 |
_asijh da seena / _cSarwar Karblai |
||
| 260 |
_aMultan : _bJhoke publishers, _c2004. |
||
| 300 | _a264 p. ; | ||
| 880 |
_6100-01\r _aسرور کربلائ |
||
| 880 |
_6245-02\r _aسِجھ دا سینہ / |
||
| 942 |
_2ddc _cBK |
||